00217nam a2200085Ia 4500008004100000100002100041245002900062260003200091300000800123191201s2013 xx 000 0 und d aOBEROI, Jagmohan 0aApplied Chemistry Vol -2 c2013bNORTH PUB.aNEW DELHI a208